Contending ideologies in South Africa.

সংরক্ষণ করুন:
গ্রন্থ-পঞ্জীর বিবরন
অন্যান্য লেখক: Leatt, James
বিন্যাস: গ্রন্থ
ভাষা:ইংরেজি
প্রকাশিত: Grand Rapids : Wm.B.Eerdmans, c1986.
বিষয়গুলি:
ট্যাগগুলো: ট্যাগ যুক্ত করুন
কোনো ট্যাগ নেই, প্রথমজন হিসাবে ট্যাগ করুন!

MARC

LEADER 00000cam a22000002a 4500
001 0000004948
003 DAYSTAR
005 20171002014330.0
008 030703s1986 xx 001 0 eng d
020 |a 080280182x 
040 |a Daystar  |d Lkithuka 
050 1 |a JQ 1911  |b .C67 
245 0 0 |a Contending ideologies in South Africa. 
260 |a Grand Rapids :  |b Wm.B.Eerdmans,  |c c1986. 
300 |a 318 p. 
504 |a Includes bibliographical references and index. 
650 0 |a Capitalism  |x South Africa. 
650 0 |a South Africa  |x Politics and government  |x 1978-. 
700 1 |a Leatt, James. 
908 |a 060412 
942 |c G 
952 |0 0  |1 0  |4 0  |6 JQ_1911_000000000000000_C67  |7 0  |9 831  |a DUA  |b DUA  |c GC  |d 2017-09-28  |l 0  |o JQ 1911.C67  |p BK014862  |r 2017-09-28 00:00:00  |w 2017-09-28  |x 60194  |y G 
999 |c 531  |d 531